000 00374nam a2200145Ia 4500
008 231129s2006||||xx |||||||||||||| ||spa||
020 _a84-342-2885-8
040 _bspa
082 _aR 741.45 S227p
100 _aSanmiguel David
245 0 _aPintura al óleo
260 _c2006
264 _aParramón Ediciones
942 _2ddc
_cBKS
999 _c22776
_d22776